[Event "WchT Seniors 65"]
[Site "Krakow"]
[Date "2024.07.06"]
[Round "5.2"]
[White "Gasik, Piotr"]
[Black "Cordes, Steffen"]
[Result "1-0"]
[WhiteElo "2021"]
[BlackElo "1989"]
[PlyCount "73"]
[EventDate "2024.07.02"]
[EventType "team-swiss"]
[EventRounds "9"]
[EventCountry "POL"]
[SourceTitle "CB29_2024"]
[SourceDate "2024.05.01"]
[SourceVersion "1"]
[SourceVersionDate "2024.05.01"]
[SourceQuality "1"]
[WhiteTeam "Poland Zaglebie 65"]
[BlackTeam "Denmark SK 2024 65"]
[WhiteTeamCountry "POL"]
[BlackTeamCountry "DEN"]

1. c4 e5 2. Nc3 Nc6 3. g3 Nf6 4. Bg2 Be7 5. Nf3 d5 6. cxd5 Nxd5 7. Nxe5 Nxe5 8. Nxd5 Bd6 9. d4 Ng6 10. 0-0 0-0 11. e4 c6 12. Nc3 Rb8 13. Be3 Re8 14. Qc2 Qa5 15. f4 f5 16. e5 Bf8 17. a3 Ne7 18. b4 Qd8 19. Qb3+ Kh8 20. Rfd1 b6 21. b5 Bb7 22. bxc6 Nxc6 23. d5 Na5 24. Qa2 Rc8 25. Nb5 a6 26. d6 axb5 27. d7 Bxg2 28. dxc8Q Qxc8 29. Qxg2 Nc4 30. Bf2 Bxa3 31. Qd5 Bc5 32. Ra7 Rg8 33. Bxc5 bxc5 34. Qd7 Ne3 35. Qxc8 Rxc8 36. Rdd7 c4 37. e6 1-0

[Event "SVK-ch Seniors 65"]
[Site "Tatranske Matliare"]
[Date "2024.05.28"]
[Round "5"]
[White "Packa, Ladislav"]
[Black "Gasik, Piotr"]
[Result "1/2-1/2"]
[WhiteElo "2078"]
[BlackElo "1954"]
[PlyCount "63"]
[EventDate "2024.05.25"]
[EventType "swiss"]
[EventRounds "9"]
[EventCountry "SVK"]
[SourceTitle "CB24_2024"]
[SourceDate "2024.06.12"]
[SourceVersion "1"]
[SourceVersionDate "2024.06.12"]
[SourceQuality "1"]

1. Nf3 d6 2. e4 Nf6 3. Nc3 c6 4. d4 g6 5. h3 Bg7 6. Be3 0-0 7. Be2 Nbd7 8. a4 b6 9. 0-0 a5 10. Qd2 Re8 11. Rad1 Qc7 12. Rfe1 Bb7 13. Bh6 Bh8 14. Bc4 d5 15. Bb3 Nxe4 16. Nxe4 dxe4 17. Bf4 Qc8 18. Ng5 Rf8 19. Rxe4 Bf6 20. Be5 c5 21. Rh4 h5 22. Bxf6 Nxf6 23. dxc5 Qc6 24. Nf3 Kg7 25. cxb6 Rfd8 26. Rd4 Rxd4 27. Qxd4 Ra6 28. Bc4 Rxb6 29. Bb5 Qxc2 30. Rd2 Qc1+ 31. Rd1 Qc2 32. Rd2 1/2-1/2

[Event "EU-chT Seniors 65"]
[Site "Swidnica"]
[Date "2023.07.16"]
[Round "5.4"]
[White "Gasik, Piotr"]
[Black "Roos, Jean Luc"]
[Result "1/2-1/2"]
[WhiteElo "1898"]
[BlackElo "2169"]
[PlyCount "96"]
[EventDate "2023.07.12"]
[EventType "team-swiss"]
[EventRounds "9"]
[EventCountry "POL"]
[SourceTitle "CBM 215 Extra"]
[Source "ChessBase"]
[SourceDate "2023.09.30"]
[SourceVersion "1"]
[SourceVersionDate "2023.09.30"]
[SourceQuality "1"]
[WhiteTeam "Warsaw 65"]
[BlackTeam "Strasbourg 65"]
[WhiteTeamCountry "POL"]
[BlackTeamCountry "FRA"]

1. c4 e5 2. Nc3 Nf6 3. Nf3 Nc6 4. g3 d5 5. cxd5 Nxd5 6. Bg2 Nb6 7. 0-0 Be7 8. d3 0-0 9. Bd2 Be6 10. Na4 f6 11. Qc2 Qd7 12. Nc5 Bxc5 13. Qxc5 Rad8 14. Rfe1 Qf7 15. b3 Rd5 16. Qa3 a6 17. Bc3 Rd6 18. Rac1 Nd5 19. Ba1 Rc8 20. Nd2 Na7 21. Ne4 Rb6 22. Qb2 Qe7 23. Nc5 Bf7 24. d4 exd4 25. Qxd4 Rd8 26. Qg4 Nc6 27. e4 Ndb4 28. a3 Nd3 29. Nxd3 Rxd3 30. e5 fxe5 31. Bxc6 Rxc6 32. Rxc6 bxc6 33. Bxe5 g6 34. Qc8+ Qd8 35. Qxa6 Rd1 36. Qe2 Bxb3 37. Rxd1 Qxd1+ 38. Qxd1 Bxd1 39. Kf1 Kf7 40. Ke1 Ba4 41. Kd2 Ke6 42. Bxc7 Kd5 43. Kc3 c5 44. h4 h5 45. Bf4 Bd1 46. Bh6 Ba4 47. Bf8 Bd1 48. Kd3 Ba4 1/2-1/2

[Event "EU-chT Seniors 50"]
[Site "Dresden"]
[Date "2022.10.28"]
[Round "2.3"]
[White "Nobis, Martina"]
[Black "Gasik, Piotr"]
[Result "1/2-1/2"]
[WhiteElo "1823"]
[BlackElo "1925"]
[PlyCount "71"]
[EventDate "2022.10.27"]
[EventType "team-swiss"]
[EventRounds "9"]
[EventCountry "GER"]
[SourceTitle "EXT 2024"]
[Source "ChessBase"]
[SourceDate "2023.10.10"]
[SourceVersion "1"]
[SourceVersionDate "2023.10.10"]
[SourceQuality "1"]
[WhiteTeam "Germany (Women) 50 II"]
[BlackTeam "Polish Amateurs 50"]
[WhiteTeamCountry "GER"]
[BlackTeamCountry "POL"]

1. e4 Nf6 2. e5 Nd5 3. d4 d6 4. c4 Nb6 5. Nf3 g6 6. Nc3 Bg7 7. exd6 cxd6 8. Be3 0-0 9. Bd3 Bg4 10. Rc1 Nc6 11. h3 Bxf3 12. Qxf3 e5 13. d5 Nb4 14. Qe2 Nxd3+ 15. Qxd3 f5 16. b3 Nd7 17. 0-0 e4 18. Qd2 Ne5 19. Ne2 Nd3 20. Rb1 Bf6 21. Nf4 Nxf4 22. Bxf4 g5 23. Be3 b6 24. Bd4 Qe7 25. Bxf6 Qxf6 26. f3 Rae8 27. fxe4 Rxe4 28. Rbe1 Rfe8 29. Rxe4 Rxe4 30. Re1 Rxe1+ 31. Qxe1 Kf7 32. Qe2 Qd4+ 33. Kf1 Qa1+ 34. Kf2 Qd4+ 35. Kf1 Qa1+ 36. Kf2 1/2-1/2

[Event "Wroclaw Anderssen Memorial"]
[Site "Wroclaw"]
[Date "2022.07.30"]
[Round "3"]
[White "Gasik, Piotr"]
[Black "Sabuk, Piotr"]
[Result "0-1"]
[WhiteElo "1990"]
[BlackElo "2412"]
[PlyCount "82"]
[EventDate "2022.07.30"]
[EventType "swiss (rapid)"]
[EventRounds "9"]
[EventCountry "POL"]
[SourceTitle "CBM 209 Extra"]
[Source "ChessBase"]
[SourceDate "2022.09.30"]
[SourceVersion "1"]
[SourceVersionDate "2022.09.30"]
[SourceQuality "1"]

1. c4 e5 2. Nf3 e4 3. Nd4 Nc6 4. Nc2 Nf6 5. Nc3 g6 6. g3 Bg7 7. Bg2 Qe7 8. Ne3 0-0 9. 0-0 Nd4 10. Rb1 Rd8 11. d3 exd3 12. Qxd3 Ne6 13. b4 c6 14. Rd1 d6 15. Ba3 a6 16. Rd2 Nc7 17. Rbd1 Bh6 18. Rc2 Bxe3 19. fxe3 Ng4 20. Bc1 Be6 21. Ne4 Bf5 22. h3 d5 23. Rcd2 Ne5 24. Qd4 Bxe4 25. Bxe4 Nxc4 26. Bg2 Nb5 27. Qd3 Qxe3+ 28. Qxe3 Nxe3 29. Re1 Re8 30. Bf3 Nc4 31. Rdd1 Re6 32. a4 Nc3 33. Rd3 Nxa4 34. Bh6 Rae8 35. Kf2 Nab6 36. Bg4 f5 37. Bf3 Ne5 38. Rd2 Nbc4 39. Rc2 Nxf3 40. Kxf3 Ne5+ 41. Kf2 Nd3+ 0-1

[Event "EU-ch Seniors 65 21st"]
[Site "Lublin"]
[Date "2022.07.10"]
[Round "6"]
[White "Gasik, Piotr"]
[Black "Olszowski, Andrzej"]
[Result "0-1"]
[WhiteElo "1990"]
[BlackElo "1600"]
[PlyCount "142"]
[EventDate "2022.07.05"]
[EventType "swiss"]
[EventRounds "9"]
[EventCountry "POL"]
[SourceTitle "CBM 209 Extra"]
[Source "ChessBase"]
[SourceDate "2022.09.30"]
[SourceVersion "1"]
[SourceVersionDate "2022.09.30"]
[SourceQuality "1"]

1. c4 c6 2. e4 e5 3. Nf3 d6 4. d4 Bg4 5. Nc3 Nd7 6. Be3 Ngf6 7. Be2 Be7 8. 0-0 0-0 9. Qd2 Qc7 10. Rac1 Rfe8 11. d5 c5 12. Ne1 Bxe2 13. Qxe2 Bf8 14. Nd3 a6 15. f3 Rab8 16. Nf2 b5 17. cxb5 axb5 18. Nxb5 Qa5 19. Nc3 Qb4 20. Nd3 Qa5 21. b3 Nb6 22. Nb2 Nfd7 23. Rc2 Rec8 24. Bd2 Be7 25. Rfc1 Ra8 26. g3 Rcb8 27. Kg2 Qa6 28. Kf1 Qc8 29. Kg2 Qb7 30. Be3 f5 31. Rd1 fxe4 32. fxe4 Nf6 33. Kg1 Qd7 34. Kg2 Ng4 35. Bg1 Rf8 36. h3 Nf6 37. b4 cxb4 38. Bxb6 bxc3 39. Rxc3 Rxa2 40. Rd2 Qe8 41. Qc4 Ra1 42. Rf2 Qg6 43. Re3 Qg5 44. Ref3 Qc1 45. Qxc1 Rxc1 46. Re2 Rb8 47. Be3 Rb1 48. Rff2 Nxe4 49. Ba7 Rb7 50. Rxe4 R1xb2 51. Ra4 Rxf2+ 52. Kxf2 Rb5 53. Kf3 Rxd5 54. Ke4 Rb5 55. Be3 Kf7 56. Ra6 Ke6 57. g4 Rb4+ 58. Kf3 h6 59. Ke2 e4 60. Bc5 Rc4 61. Ba3 Rc3 62. h4 Rxa3 63. Rxa3 Bxh4 64. Ra7 Bf6 65. Ra8 Ke5 66. Re8+ Kf4 67. Re6 Be5 68. Rg6 d5 69. Kd2 d4 70. Ke2 d3+ 71. Kd2 Bf6 0-1

[Event "EU-ch Seniors 65 21st"]
[Site "Lublin"]
[Date "2022.07.09"]
[Round "5"]
[White "Neumann, Joachim"]
[Black "Gasik, Piotr"]
[Result "1-0"]
[WhiteElo "2082"]
[BlackElo "1990"]
[PlyCount "111"]
[EventDate "2022.07.05"]
[EventType "swiss"]
[EventRounds "9"]
[EventCountry "POL"]
[SourceTitle "CBM 209 Extra"]
[Source "ChessBase"]
[SourceDate "2022.09.30"]
[SourceVersion "1"]
[SourceVersionDate "2022.09.30"]
[SourceQuality "1"]

1. c4 f5 2. g3 Nf6 3. Nf3 d6 4. Bg2 g6 5. Nc3 Bg7 6. d4 0-0 7. 0-0 c6 8. b3 a5 9. Bb2 Na6 10. d5 Bd7 11. Nd4 Qc8 12. Rb1 Rb8 13. e3 h6 14. Re1 c5 15. Nde2 Nc7 16. a4 g5 17. f4 Be8 18. Qd2 Bg6 19. Rbd1 b6 20. e4 Nh7 21. exf5 Bxf5 22. Ne4 g4 23. Bxg7 Kxg7 24. N2c3 Rf7 25. Bf1 Qd7 26. Bd3 Rbf8 27. Nf2 Kg8 28. Qe2 Rg7 29. Bxf5 Qxf5 30. Rd3 Rff7 31. Ncd1 h5 32. Ne3 Qg6 33. Ng2 Ne8 34. Nh4 Qh6 35. Re3 Nf8 36. Qd3 Qh7 37. Qd2 Ng6 38. Nxg6 Qxg6 39. Ne4 Qf5 40. Ng5 Rxg5 41. fxg5 Qxg5 42. Qe2 Kf8 43. Rf1 Ng7 44. Rxf7+ Kxf7 45. Re4 Ke8 46. Rf4 Qg6 47. Qe4 Qg5 48. Kg2 Qh6 49. h3 gxh3+ 50. Kxh3 Qg5 51. Qh7 Kd7 52. Qe4 Ke8 53. g4 Qh6 54. Kg2 Qg5 55. Kh3 Qh6 56. Kg2 1-0

[Event "EU-ch Seniors 65 21st"]
[Site "Lublin"]
[Date "2022.07.08"]
[Round "4"]
[White "Gasik, Piotr"]
[Black "Berkley, Stephen W"]
[Result "1-0"]
[WhiteElo "1990"]
[BlackElo "1525"]
[PlyCount "53"]
[EventDate "2022.07.05"]
[EventType "swiss"]
[EventRounds "9"]
[EventCountry "POL"]
[SourceTitle "CBM 209 Extra"]
[Source "ChessBase"]
[SourceDate "2022.09.30"]
[SourceVersion "1"]
[SourceVersionDate "2022.09.30"]
[SourceQuality "1"]

1. c4 Nc6 2. Nc3 e5 3. Nf3 Bc5 4. Nxe5 Nxe5 5. d4 d6 6. dxc5 dxc5 7. Qxd8+ Kxd8 8. b3 c6 9. Bf4 Ng6 10. Rd1+ Ke8 11. Be3 Bf5 12. Bxc5 Nf6 13. f3 b6 14. Ba3 Rd8 15. Rxd8+ Kxd8 16. e4 Bc8 17. g3 Re8 18. Bg2 Bb7 19. Ke2 Kc7 20. Rd1 Rd8 21. Rxd8 Kxd8 22. Ke3 Nd7 23. f4 f6 24. Ne2 Ngf8 25. Bh3 Nc5 26. Bxc5 bxc5 27. Nc1 1-0

[Event "EU-ch Seniors 65 21st"]
[Site "Lublin"]
[Date "2022.07.07"]
[Round "3"]
[White "Patola, Eero"]
[Black "Gasik, Piotr"]
[Result "1/2-1/2"]
[WhiteElo "1810"]
[BlackElo "1990"]
[PlyCount "67"]
[EventDate "2022.07.05"]
[EventType "swiss"]
[EventRounds "9"]
[EventCountry "POL"]
[SourceTitle "CBM 209 Extra"]
[Source "ChessBase"]
[SourceDate "2022.09.30"]
[SourceVersion "1"]
[SourceVersionDate "2022.09.30"]
[SourceQuality "1"]

1. e4 Nf6 2. d3 d5 3. e5 Nfd7 4. f4 c5 5. Nf3 Nc6 6. Nc3 e6 7. Be2 b5 8. a3 Qb6 9. Bd2 Be7 10. h4 a5 11. a4 b4 12. Nb5 0-0 13. c3 Ba6 14. c4 d4 15. Ng5 Nd8 16. Bf3 Bb7 17. Be4 f5 18. Bxb7 Qxb7 19. Qf3 Qxf3 20. Nxf3 Rc8 21. b3 h6 22. Ke2 h5 23. Rag1 Nf7 24. Na7 Rc7 25. Nb5 Rb7 26. Ng5 Bxg5 27. hxg5 g6 28. Re1 Kg7 29. Kf3 Re8 30. Re2 Nf8 31. Be1 Rd7 32. Bf2 Rc8 33. Rhe1 Rc6 34. g3 1/2-1/2

[Event "POL-ch Seniors"]
[Site "Szklarska Poreba"]
[Date "2022.05.17"]
[Round "7"]
[White "Gasik, Piotr"]
[Black "Krzyzanowska Zadlo, Lidia"]
[Result "1-0"]
[WhiteElo "2005"]
[BlackElo "1721"]
[PlyCount "117"]
[EventDate "2022.05.13"]
[EventType "swiss"]
[EventRounds "9"]
[EventCountry "POL"]
[SourceTitle "EXT 2024"]
[Source "ChessBase"]
[SourceDate "2023.10.10"]
[SourceVersion "1"]
[SourceVersionDate "2023.10.10"]
[SourceQuality "1"]

1. c4 Nf6 2. Nc3 e6 3. e4 c5 4. Nf3 Nc6 5. d4 cxd4 6. Nxd4 Bb4 7. f3 Nxd4 8. Qxd4 d6 9. Bg5 h6 10. Be3 Qa5 11. Be2 Bd7 12. 0-0 Bc5 13. Qd2 Qb6 14. Bf2 Bxf2+ 15. Rxf2 Rd8 16. Rd1 Bc6 17. b3 0-0 18. Qd4 Qa5 19. Bf1 Rd7 20. Rb2 Qc5 21. b4 Qxd4+ 22. Rxd4 b6 23. Rbd2 Rfd8 24. g3 Kf8 25. Bh3 g5 26. Bg2 Ke7 27. Rd1 h5 28. h4 gxh4 29. gxh4 Rg8 30. Kf2 Rdd8 31. a4 a6 32. Bf1 e5 33. R4d2 a5 34. Rb2 Ra8 35. bxa5 bxa5 36. Rb6 Rgc8 37. Bh3 Rc7 38. Ke3 Raa7 39. Kd3 Be8 40. Rdb1 Bc6 41. R1b2 Nd7 42. Bxd7 Kxd7 43. Nb5 Bxb5 44. axb5 a4 45. Ra2 a3 46. Ra6 Rxa6 47. bxa6 Ra7 48. Rxa3 Kc6 49. Kc3 Kc5 50. Ra5+ Kc6 51. Kb4 f6 52. Ra2 Kb6 53. Ra1 Kc6 54. Ka5 Kc5 55. Rb1 Kc6 56. Rb6+ Kc7 57. Kb5 Ra8 58. Rb7+ Kc8 59. Kb6 1-0

[Event "POL-ch Seniors"]
[Site "Szklarska Poreba"]
[Date "2022.05.15"]
[Round "4"]
[White "Rymaszewski, Dariusz"]
[Black "Gasik, Piotr"]
[Result "0-1"]
[WhiteElo "2051"]
[BlackElo "2005"]
[PlyCount "114"]
[EventDate "2022.05.13"]
[EventType "swiss"]
[EventRounds "9"]
[EventCountry "POL"]
[SourceTitle "EXT 2024"]
[Source "ChessBase"]
[SourceDate "2023.10.10"]
[SourceVersion "1"]
[SourceVersionDate "2023.10.10"]
[SourceQuality "1"]

1. d4 f5 2. g4 d5 3. gxf5 Bxf5 4. Bg2 Nf6 5. Nf3 e6 6. c4 c6 7. Nc3 Nbd7 8. 0-0 Be7 9. Bf4 Nh5 10. Bd2 0-0 11. e4 dxe4 12. Ne5 Nxe5 13. dxe5 g6 14. Be3 Qc7 15. f4 exf3 16. Bxf3 Qxe5 17. Bd4 Bc5 18. Bxc5 Qxc5+ 19. Kh1 Rad8 20. Qe1 Bh3 21. Rf2 Rd3 22. Ne4 Qf5 23. Bxh5 Qxh5 24. Nf6+ Rxf6 25. Rxf6 Rf3 26. Rxe6 Bxe6 27. Qxe6+ Kg7 28. Re1 Qf5 29. Qe7+ Qf7 30. Qxf7+ Kxf7 31. Kg2 Rd3 32. Re2 g5 33. b3 Kf6 34. Rf2+ Ke6 35. Re2+ Kd7 36. Rf2 Re3 37. Rf7+ Re7 38. Rf5 Rg7 39. b4 Ke6 40. Ra5 b6 41. Ra3 Ke5 42. Rd3 Ke4 43. Rd6 Rg6 44. Rd7 h6 45. b5 c5 46. a4 Rf6 47. a5 bxa5 48. Rxa7 Kd4 49. Rxa5 Kxc4 50. Ra6 Rf8 51. Rxh6 Kxb5 52. Rg6 Rf5 53. Kg3 c4 54. Kg4 Rc5 55. Rxg5 Rxg5+ 56. Kxg5 c3 57. h4 c2 0-1

[Event "Rubinstein Memorial op-C 57th"]
[Site "Polanica Zdroj"]
[Date "2021.08.21"]
[Round "8"]
[White "Kawula, Andrzej"]
[Black "Gasik, Piotr"]
[Result "1-0"]
[WhiteElo "1894"]
[BlackElo "2020"]
[PlyCount "135"]
[EventDate "2021.08.14"]
[EventType "swiss"]
[EventRounds "9"]
[EventCountry "POL"]
[SourceTitle "EXT 2023"]
[Source "ChessBase"]
[SourceDate "2022.10.05"]
[SourceVersion "1"]
[SourceVersionDate "2022.10.05"]
[SourceQuality "1"]

1. d4 f5 2. c4 Nf6 3. Nc3 g6 4. g3 Bg7 5. Bg2 d6 6. e3 c6 7. Nge2 0-0 8. 0-0 a5 9. b3 Na6 10. Bb2 Rb8 11. Qd2 Bd7 12. d5 Nb4 13. a3 Na6 14. Nd4 Qb6 15. Na4 Qc7 16. Rac1 cxd5 17. cxd5 Qd8 18. Ne6 Bxe6 19. dxe6 b5 20. Nc3 Nc5 21. Bd5 b4 22. axb4 Rxb4 23. Rc2 Nxb3 24. Qe2 Rb8 25. Rd1 Nc5 26. Ba2 Qb6 27. h4 Kh8 28. h5 Nxh5 29. Nd5 Qa7 30. Bxg7+ Kxg7 31. Qc4 Nf6 32. Qd4 h6 33. Qa1 Kh7 34. Nf4 Qb7 35. Rdc1 Qf3 36. Bc4 a4 37. Bf1 Qb7 38. Bg2 Qb4 39. Rd1 Rfd8 40. Bd5 Qb6 41. Bf3 Qb3 42. Rdc1 g5 43. Ne2 Qb6 44. Qa2 Qb3 45. Nd4 Qxa2 46. Rxa2 Rb6 47. Nxf5 Re8 48. Nd4 Kg6 49. Rc4 g4 50. Bc6 Reb8 51. Bxa4 Rb2 52. Bc2+ Kg5 53. Ra5 h5 54. Rcxc5+ dxc5 55. Rxc5+ Kh6 56. Nf5+ Kh7 57. Nxe7+ Kh8 58. Ng6+ Kg7 59. Nf4 R2b5 60. Rc7+ Kh6 61. Rf7 Ng8 62. e7 Rb2 63. Bd3 Re8 64. Rh7+ Kg5 65. Rxh5+ Kf6 66. Nd5+ Kg7 67. Rg5+ Kh8 68. Rh5+ 1-0

[Event "POL Cup op rapid"]
[Site "Lodz"]
[Date "2021.08.07"]
[Round "6"]
[White "Gasik, Piotr"]
[Black "Bartel, Michal"]
[Result "0-1"]
[WhiteElo "2020"]
[BlackElo "2246"]
[PlyCount "102"]
[EventDate "2021.08.07"]
[EventType "swiss (rapid)"]
[EventRounds "9"]
[EventCountry "POL"]
[SourceTitle "CBM 203 Extra"]
[Source "ChessBase"]
[SourceDate "2021.09.30"]
[SourceVersion "1"]
[SourceVersionDate "2021.09.30"]
[SourceQuality "1"]

1. c4 e5 2. Nf3 e4 3. Nd4 d5 4. cxd5 Qxd5 5. e3 Nf6 6. Nc3 Qe5 7. Qa4+ Nbd7 8. Be2 c6 9. 0-0 Bd6 10. f4 exf3 11. Nxf3 Qe7 12. Qh4 Ne5 13. d4 Ng6 14. Qg5 h6 15. Qa5 0-0 16. Bd3 Bg4 17. e4 Bc7 18. Qa4 b5 19. Qc2 Bxf3 20. Rxf3 Qd6 21. g3 Qxd4+ 22. Be3 Qd7 23. Bxh6 Ne5 24. Rxf6 Qxd3 25. Qxd3 Nxd3 26. Rxc6 Bb6+ 27. Rxb6 axb6 28. Be3 b4 29. Nd5 b3 30. a4 Nxb2 31. Nxb6 Ra6 32. Rb1 Nxa4 33. Rxb3 Nxb6 34. Rxb6 Rxb6 35. Bxb6 Re8 36. Kf2 Rxe4 37. h3 f5 38. Bd8 Kf7 39. Kf3 Ke6 40. Bg5 Ra4 41. Bc1 Rc4 42. Bb2 g5 43. Bg7 g4+ 44. hxg4 fxg4+ 45. Ke3 Kf5 46. Bf8 Rc3+ 47. Kf2 Ke4 48. Bd6 Rc2+ 49. Kg1 Kf3 50. Kh1 Kf2 51. Bc7 Rxc7 0-1

[Event "Wroclaw Anderssen Memorial"]
[Site "Wroclaw"]
[Date "2021.07.31"]
[Round "6"]
[White "Gasik, Piotr"]
[Black "Krawiec, Grzegorz"]
[Result "0-1"]
[WhiteElo "2020"]
[BlackElo "1836"]
[PlyCount "130"]
[EventDate "2021.07.31"]
[EventType "swiss (rapid)"]
[EventRounds "9"]
[EventCountry "POL"]
[SourceTitle "CBM 203 Extra"]
[Source "ChessBase"]
[SourceDate "2021.09.30"]
[SourceVersion "1"]
[SourceVersionDate "2021.09.30"]
[SourceQuality "1"]

1. c4 c5 2. Nc3 Nc6 3. Nf3 e6 4. g3 g6 5. d4 cxd4 6. Nxd4 Bg7 7. Ndb5 Nge7 8. Nd6+ Kf8 9. Bg2 Nf5 10. 0-0 Nxd6 11. Qxd6+ Qe7 12. Qd3 Nb4 13. Qd2 f5 14. b3 Nc6 15. a4 Kf7 16. Ba3 Qf6 17. Nb5 Rd8 18. Nd6+ Kg8 19. Rab1 a5 20. Bc5 Qc3 21. Qxc3 Bxc3 22. Rfd1 Ra6 23. Nxc8 Rxc8 24. e3 Rd8 25. Bxc6 bxc6 26. Be7 Rb8 27. Rxd7 Rab6 28. Rd8+ Rxd8 29. Bxd8 Rb8 30. Bc7 Rb7 31. Bd6 Kf7 32. Kf1 e5 33. f3 Rd7 34. c5 e4 35. fxe4 fxe4 36. Ke2 Ke6 37. Rc1 Bb2 38. Rc4 Kd5 39. Rc2 Bg7 40. Rc1 Rb7 41. Rd1+ Ke6 42. Rb1 Be5 43. Bf8 Rb8 44. Bh6 Kd5 45. Bf4 Bxf4 46. exf4 Kxc5 47. Ke3 Rb4 48. Rc1+ Kd5 49. Rc3 Rd4 50. g4 Rd1 51. f5 gxf5 52. gxf5 Rf1 53. Rc4 Rf3+ 54. Kd2 Rxf5 55. Rc3 Rf2+ 56. Ke1 Rxh2 57. Rg3 Kd4 58. Rg5 c5 59. Rg7 h5 60. Ra7 Ke3 61. Kf1 Kf3 62. Kg1 Rb2 63. Rxa5 e3 64. Rxc5 Rb1+ 65. Kh2 e2 0-1

[Event "Wroclaw Anderssen Memorial"]
[Site "Wroclaw"]
[Date "2021.07.31"]
[Round "7"]
[White "Smietanski, Marek"]
[Black "Gasik, Piotr"]
[Result "0-1"]
[WhiteElo "1692"]
[BlackElo "2020"]
[PlyCount "68"]
[EventDate "2021.07.31"]
[EventType "swiss (rapid)"]
[EventRounds "9"]
[EventCountry "POL"]
[SourceTitle "CBM 203 Extra"]
[Source "ChessBase"]
[SourceDate "2021.09.30"]
[SourceVersion "1"]
[SourceVersionDate "2021.09.30"]
[SourceQuality "1"]

1. d4 f5 2. g3 Nf6 3. Bg2 g6 4. Nh3 Bg7 5. 0-0 d6 6. Nc3 c6 7. Re1 Ne4 8. Nxe4 fxe4 9. d5 0-0 10. Ng5 Qb6 11. Be3 Qxb2 12. Rb1 Qxa2 13. Bxe4 c5 14. h4 Qa4 15. f3 Na6 16. h5 Nb4 17. hxg6 hxg6 18. Bxg6 Bf5 19. Bxf5 Rxf5 20. c4 Qxd1 21. Rexd1 Nc2 22. Bd2 b6 23. Ne6 Bd4+ 24. Kg2 Kf7 25. e4 Rh5 26. Rh1 Rah8 27. Rxh5 Rxh5 28. g4 Rh8 29. Rd1 Ne3+ 30. Bxe3 Bxe3 31. Ra1 a5 32. Rb1 Rb8 33. Rb5 a4 34. Rb2 Ke8 0-1

[Event "Wroclaw Anderssen Memorial"]
[Site "Wroclaw"]
[Date "2020.08.09"]
[Round "7"]
[White "Gasik, Piotr"]
[Black "Kania, Krystian"]
[Result "0-1"]
[WhiteElo "2041"]
[BlackElo "1861"]
[PlyCount "66"]
[EventDate "2020.08.09"]
[EventType "swiss"]
[EventRounds "11"]
[EventCountry "POL"]
[SourceTitle "CBM 197 Extra"]
[Source "ChessBase"]
[SourceDate "2020.09.30"]
[SourceVersion "1"]
[SourceVersionDate "2020.09.30"]
[SourceQuality "1"]

1. c4 c6 2. e4 d5 3. exd5 cxd5 4. cxd5 Nf6 5. Qa4+ Nbd7 6. Nc3 g6 7. Bc4 Bg7 8. d3 0-0 9. Be3 Nb6 10. Qa5 Nfd7 11. Nge2 Be5 12. 0-0 Bc7 13. Qb4 a5 14. Qb3 a4 15. Qc2 Ra5 16. Nb5 Bb8 17. b4 Ra8 18. Bh6 Re8 19. f4 Nf6 20. d6 exd6 21. a3 d5 22. Ba2 Qe7 23. Nbd4 Ng4 24. Bg5 Qe3+ 25. Kh1 Nf2+ 26. Rxf2 Qxf2 27. Qc5 Bg4 28. Nf5 Qxc5 29. Nh6+ Kg7 30. bxc5 Bxe2 31. cxb6 f6 32. Bxd5 fxg5 33. Bxb7 Bxf4 0-1

[Event "Wroclaw Anderssen Memorial"]
[Site "Wroclaw"]
[Date "2020.08.09"]
[Round "6"]
[White "Kowalczyk, Rafal"]
[Black "Gasik, Piotr"]
[Result "1-0"]
[WhiteElo "2268"]
[BlackElo "2041"]
[PlyCount "39"]
[EventDate "2020.08.09"]
[EventType "swiss"]
[EventRounds "11"]
[EventCountry "POL"]
[SourceTitle "CBM 197 Extra"]
[Source "ChessBase"]
[SourceDate "2020.09.30"]
[SourceVersion "1"]
[SourceVersionDate "2020.09.30"]
[SourceQuality "1"]

1. e4 Nf6 2. e5 Nd5 3. d4 d6 4. c4 Nb6 5. exd6 cxd6 6. Nc3 g6 7. Be3 Bg7 8. Rc1 0-0 9. b3 f5 10. f4 e5 11. dxe5 dxe5 12. Qxd8 Rxd8 13. fxe5 Bxe5 14. Nf3 Bf6 15. c5 Re8 16. Kf2 N6d7 17. Bc4+ Kg7 18. Nd5 Rf8 19. Bd4 Kh6 20. Rhe1 1-0

[Event "Wroclaw Anderssen Memorial"]
[Site "Wroclaw"]
[Date "2020.08.09"]
[Round "4"]
[White "Wiatrek, Piotr"]
[Black "Gasik, Piotr"]
[Result "0-1"]
[WhiteElo "1409"]
[BlackElo "2041"]
[PlyCount "76"]
[EventDate "2020.08.09"]
[EventType "swiss"]
[EventRounds "11"]
[EventCountry "POL"]
[SourceTitle "CBM 197 Extra"]
[Source "ChessBase"]
[SourceDate "2020.09.30"]
[SourceVersion "1"]
[SourceVersionDate "2020.09.30"]
[SourceQuality "1"]

1. b3 f5 2. Bb2 e6 3. Nf3 Nf6 4. g3 Be7 5. Bg2 0-0 6. 0-0 d6 7. d3 e5 8. Nbd2 Nc6 9. a3 h6 10. c4 Qe8 11. b4 g5 12. b5 Nd8 13. a4 g4 14. Nh4 Nh7 15. e4 Bxh4 16. gxh4 f4 17. f3 h5 18. d4 Qe7 19. Qe1 exd4 20. Bxd4 Ne6 21. Bf2 Qf6 22. c5 Nxc5 23. e5 Qf7 24. Bxc5 dxc5 25. Qe4 g3 26. hxg3 fxg3 27. Rae1 Re8 28. f4 Nf6 29. Qf3 Ng4 30. Qxg3 Bf5 31. Bxb7 Rad8 32. Bc6 Rxd2 33. Bxe8 Qxe8 34. Qc3 Rd3 35. Qxc5 Rg3+ 36. Kh1 Qd8 37. Qc4+ Kh8 38. Qc5 Qxh4# 0-1

[Event "POL-ch blitz"]
[Site "Szczawno Zdroj"]
[Date "2018.12.16"]
[Round "2"]
[White "Sabuk, Piotr"]
[Black "Gasik, Piotr"]
[Result "1-0"]
[WhiteElo "2391"]
[BlackElo "2027"]
[PlyCount "71"]
[EventDate "2018.12.16"]
[EventType "swiss (blitz)"]
[EventRounds "15"]
[EventCountry "POL"]
[SourceTitle "CBM 187 Extra"]
[Source "ChessBase"]
[SourceDate "2018.11.04"]
[SourceVersion "1"]
[SourceVersionDate "2018.11.04"]
[SourceQuality "1"]

1. d4 f5 2. c4 Nf6 3. Nf3 g6 4. e3 Bg7 5. b4 a5 6. b5 0-0 7. Bb2 c6 8. a4 d5 9. Qb3 e6 10. Be2 Ne4 11. Nc3 Nxc3 12. Qxc3 f4 13. 0-0 Nd7 14. exf4 Rxf4 15. Qe3 Qf6 16. Bd3 Bh6 17. Rfe1 Nf8 18. Qe5 Bd7 19. Bc1 Qf7 20. Bxf4 Bxf4 21. Qe2 cxb5 22. cxb5 Rc8 23. Ne5 Qg7 24. g3 Bh6 25. f4 g5 26. fxg5 Bxg5 27. Rf1 Ng6 28. Bxg6 hxg6 29. Rf7 Qh6 30. Rxd7 Be3+ 31. Kg2 Bxd4 32. Rf1 Bxe5 33. Qxe5 Rc2+ 34. Rf2 Rxf2+ 35. Kxf2 Qxh2+ 36. Ke1 1-0

[Event "Bled Planinc Memorial 1st"]
[Site "Bled"]
[Date "2018.11.24"]
[Round "6"]
[White "Gasik, Piotr"]
[Black "Jensen, Stein"]
[Result "0-1"]
[WhiteElo "2027"]
[BlackElo "2011"]
[PlyCount "68"]
[EventDate "2018.11.24"]
[EventType "swiss (blitz)"]
[EventRounds "9"]
[EventCountry "SLO"]
[SourceTitle "CBM 187 Extra"]
[Source "ChessBase"]
[SourceDate "2018.11.04"]
[SourceVersion "1"]
[SourceVersionDate "2018.11.04"]
[SourceQuality "1"]

1. c4 c5 2. Nf3 Nc6 3. Nc3 e5 4. e3 f5 5. d4 e4 6. Nd2 Nf6 7. f4 cxd4 8. exd4 Bb4 9. d5 Ne7 10. Qb3 Bc5 11. Be2 0-0 12. Na4 Bd4 13. c5 d6 14. Qc4 Be3 15. c6 bxc6 16. dxc6+ d5 17. Qb3 Nxc6 18. Qxe3 Qa5 19. b3 d4 20. Bc4+ Kh8 21. Qe2 Nb4 22. 0-0 d3 23. Qf2 Nc2 24. Qc5 Qxc5+ 25. Nxc5 Nxa1 26. Nxd3 exd3 27. Bxd3 Bb7 28. Bxf5 Nd5 29. Be4 Rae8 30. Bb2 Ne3 31. Rxa1 Bxe4 32. Nxe4 Rxe4 33. Be5 Ng4 34. Bd6 Rfe8 0-1